000 00473nam a2200181Ia 4500
001 15475
005 20260306170159.0
008 260306t2011||||xx |||||||||||||| ||und||
041 _aESP
082 _a540.72
_bD92
100 _aDoria Serrano, María del Carmen
_eAUT
245 0 _aExperimentos de química en microescala:
_bnivel medio superior
260 _c2011
300 _a283 páginas :
_c24 cm.
650 _aGEN
654 _aCCN
942 _cLIB
_dJUS
_fJUS
_2ddc
_n
999 _c15475
_d15475